| 000 | 01437cam a22003615a 4500 | ||
|---|---|---|---|
| 001 | 17431512 | ||
| 003 | EG-ScBUE | ||
| 005 | 20260121102849.0 | ||
| 008 | 120815s2012 ne a f b 001 0 eng d | ||
| 020 | _a9780444537843 | ||
| 040 |
_aDLC _beng _erda _cDLC _dDLC _dEG-ScBUE |
||
| 043 |
_ar------ _ae-ru--- |
||
| 082 | 0 | 4 |
_222 _a551.80954 _bENE |
| 245 | 0 | 0 |
_aEnergy potential of the Russian Arctic seas : _bchoice of development strategy / _cedited by Alexey Piskarev, Mikhail Shkatov. |
| 264 | 1 |
_aAmsterdam : _bElsevier, _c2012. |
|
| 300 |
_aviii, 425 pages : _billustrations ; _c24 cm. |
||
| 336 |
_2rdacontent _atext _btxt |
||
| 337 |
_aunmediated _2rdamedia _bn |
||
| 338 |
_avolume _bnc _2rdacarrier |
||
| 490 | 0 |
_aDevelopments in petroleum science, _x0376-7361 ; _vv. 58 |
|
| 504 | _aIncludes bibliographical references and index. | ||
| 650 | 7 |
_aPetroleum _xGeology _zArctic regions. _2BUEsh |
|
| 650 | 7 |
_aPetroleum in submerged lands _zRussia (Federation) _zArctic Coast. _2BUEsh |
|
| 650 | 7 |
_aNatural gas in submerged lands _zRussia (Federation) _zArctic Coast. _2BUEsh |
|
| 650 | 7 |
_aSedimentary basins _zRussia (Federation) _zArctic Coast. _2BUEsh |
|
| 650 | 7 |
_aPetroleum _xGeology _zRussia (Federation) _zArctic Coast. _2BUEsh |
|
| 651 | _2BUEsh | ||
| 653 |
_bENGPET _cDecember2016 |
||
| 655 | _vReading book | ||
| 700 | 1 |
_aPiskarev, A. L. _q(Aleksei Lazarevich) _eeditor. |
|
| 700 | 1 |
_aShkatov, Mikhail, _eeditor. |
|
| 942 |
_2ddc _cBB |
||
| 999 |
_c23783 _d23755 |
||